000 00572nam a2200193Ia 4500
005 20250508153511.0
008 008 250505s9999 xx 000 0 eng d
037 _aTextual
040 _aFEDL
_beng
_cFEDL
041 _aeng
_2eng
084 _a371, UNI
_qFEDL
100 _aWhitelaw John B
245 0 _aTeaching as a career
245 0 _cUnited States. Health, Education and Welfare(Department of-)
260 _aWashington, USA
_bU.S. Government Printing Office
_c1959
300 _av,34p.
942 _cTEXL
_h371, UNI
999 _c1343304
_d1343304